000 00618nam a22001937a 4500
008 131016b xxu||||| |||| 00| 0 eng d
020 _a9608620600
041 0 _aeng
080 _a32 (497) HAT
245 0 0 _a"hate speech" in balkans /
_ceditor : mariana lenkova
260 _aAthens :
_bETEPE ;
_c1998
300 _a130 f. :
_c22 cm.
490 _aThe international Helsinki Federation for Human Rights (IHF)
500 _aPreface f. : 5
500 _aappendices f. : 109-130
650 _aPolitika botërore
_zBallkani
760 _bThe international Helsinki Federation for Human Rights (IHF)
942 _2udc
_cBK
999 _c126
_d126